Enlightenment: A new Beginning (Record no. 369702)

MARC details
000 -LEADER
fixed length control field 00445nam a2200169 4500
005 - DATE AND TIME OF LATEST TRANSACTION
control field 20260106163723.0
008 - FIXED-LENGTH DATA ELEMENTS--GENERAL INFORMATION
fixed length control field 260106b |||||||| |||| 00| 0 eng d
020 ## - INTERNATIONAL STANDARD BOOK NUMBER
International Standard Book Number 978-0-143-47332-9
041 ## - LANGUAGE CODE
Language code of text/sound track or separate title English
082 ## - DEWEY DECIMAL CLASSIFICATION NUMBER
Classification number X 181.4 SAD
Item number B12121
100 ## - MAIN ENTRY--PERSONAL NAME
Author Sadhguru
245 ## - TITLE STATEMENT
Title Enlightenment: A new Beginning
260 ## - PUBLICATION, DISTRIBUTION, ETC.
Place of publication, distribution, etc. Haryana
Name of publisher, distributor, etc. Penguin Random House
Date of publication, distribution, etc. 2024
300 ## - PHYSICAL DESCRIPTION
Extent ix,148p
Other physical details pb
365 ## - TRADE PRICE
Price type code Rupaye
Price amount 191
Currency code INR
942 ## - ADDED ENTRY ELEMENTS (KOHA)
Koha item type Books
Holdings
Withdrawn status Lost status Source of classification or shelving scheme Damaged status Not for loan Collection code Home library Current library Date acquired Vendor Net Price Bill number Total Checkouts Full call number Barcode Date last seen Discount Actual Price Bill Date Koha item type Original Barcode
    Dewey Decimal Classification     Non-fiction Smt. Bakul Tambat Institute of Nursing Education Smt. Bakul Tambat Institute of Nursing Education 30/12/2025 Amazon(online) 171-2631319-3695555 181.45 BBX1-497204   X 181.4 SAD B12121 BTIN-BK-12121 06/01/2026 9.55 191.00 17/10/2025 Books BTIN-BK-12121